000 00753nam a22002057a 4500
003 OSt
005 20251124112638.0
008 251124b |||||||| |||| 00| 0 eng d
020 _a 13 : 978-1-4511-0879-8
040 _aDWCL-Admin lib
_cOC
082 _aCirc. 618.20231 P641m 2010
100 _aPilliteri, Adele
245 _a Maternal & child health nursing :
_bcare of the chilbearing & childrearing family /
_cAdele Pilliteri
260 _aPhiladephia :
_bWolters Kluwer, Lippincott Williams & Wilkins,
_c c2010
300 _a 2 v (xxviii, 1778 ) :
_bill. ;
_c26 cm.
504 _aIncludes bibliographical references & index.
650 _a1. Maternity nursing.
650 _a2. Pediatric nursing
942 _2ddc
_cBK-CIRC
_e 6th. ed.
_kCirc.
_n0
999 _c6070
_d6070